000 00669nam a2200253Ia 4500
003 OSt
005 20250725180425.0
008 210423s2003 xx 000 0 und d
020 _a8175542411
040 _cAL
041 _aEnglish
082 _a307.72
_bDALR
100 _aBarry Dalal-Clayton
_9121243
245 _aRural planning in developing countries
260 _bEarthscan
_c2003
300 _a226
_bPB
365 _b295
_cINR
650 _aRural Communities
_9121244
650 _aSociology
_9121245
700 _aDent, David
_9220287
700 _aDubois, Olivier
_9220288
906 _acountries ; developing ; planning ; Rural
942 _2ddc
_cBK
999 _c173847
_d173847